Pathophysiology made incredibly visual! (Record no. 32317)

MARC details
000 -LEADER
fixed length control field 00706nam a2200181 a 4500
008 - FIXED-LENGTH DATA ELEMENTS--GENERAL INFORMATION
fixed length control field 110902s2008 ||||||||||||||||| || u
020 ## - INTERNATIONAL STANDARD BOOK NUMBER
International Standard Book Number 9781582555553
050 ## - LIBRARY OF CONGRESS CALL NUMBER
Classification number RB 113 Pat
110 ## - MAIN ENTRY--CORPORATE NAME
Corporate name or jurisdiction name as entry element Lippincott Williams and Wilkins
245 10 - TITLE STATEMENT
Title Pathophysiology made incredibly visual!
260 ## - PUBLICATION, DISTRIBUTION, ETC.
Place of publication, distribution, etc. Philadelphia, PA
Name of publisher, distributor, etc. Lippincott Williams and Wilkins
Date of publication, distribution, etc. 2008
300 ## - PHYSICAL DESCRIPTION
Extent vi, 250p.: ill.
350 ## -
-- 0.00
650 #0 - SUBJECT ADDED ENTRY--TOPICAL TERM
Topical term or geographic name entry element PATHOLOGY
650 #0 - SUBJECT ADDED ENTRY--TOPICAL TERM
Topical term or geographic name entry element PHYSIOLOGY, PATHOLOGICAL
650 ## - SUBJECT ADDED ENTRY--TOPICAL TERM
Topical term or geographic name entry element PHYSIOLOGY, PATHOLOGICAL--ATLASES
995 ## -
-- MEDICAL LIBRARY OPEN ACCESS
-- 0.00
-- 900683
-- CBU-SCHOOL OF MEDICINE LIBRARY (Ndola)
-- 1
-- 0.00
-- RB 113 PAT
-- 1
-- AVAILABLE
-- Oct 17, 2011
-- 900683
-- Medical Library Open Access Collection
999 ## -
-- 32317
-- 32317
Holdings
Withdrawn status Lost status Source of classification or shelving scheme Damaged status Not for loan Permanent Location Current Location Shelving location Date acquired Total Checkouts Full call number Barcode Date last seen Date last checked out Price effective from Koha item type
          CBU-SCHOOL OF MEDICINE LIBRARY, NDOLA. CBU-SCHOOL OF MEDICINE LIBRARY, NDOLA.   11/30/2022 1 RB 113 Pat 900683 11/25/2024 11/20/2024 11/30/2022 MONOGRAPH